MARC

LEADER 00000nam0a2200000 4500
001 278588
005 20231101235128.0
035 |a (RuTPU)RU\TPU\book\301865 
090 |a 278588 
100 |a 20141212d1970 km y0rusy50 ca 
101 0 |a rus 
102 |a RU 
105 |a c z 001zd 
200 1 |a Выдающиеся советские химики - академики А. А. Гринберг и И. И. Черняев  |f Академия наук СССР (АН СССР) ; под ред. Р. Н. Щелокова 
210 |a Москва  |c Наука  |d 1970 
215 |a 72 с.  |c портр. 
320 |a Библиогр. в конце гл. 
600 1 |a Гринберг  |b А. А.  |c российский химик  |f 1896-1966  |g Александр Абрамович  |2 stltpush  |3 (RuTPU)RU\TPU\pers\15103  |9 5192 
600 1 |a Черняев  |b И. И.  |g Илья Ильич  |c российский химик  |f 1893-1966  |2 stltpush  |3 (RuTPU)RU\TPU\pers\12172 
606 1 |a Химики  |x Персоналии  |2 stltpush  |3 (RuTPU)RU\TPU\subj\69968  |9 84576 
610 1 |a жизнь 
610 1 |a деятельность 
610 1 |a персоналии 
610 1 |a биографии 
610 1 |a химические соединения 
610 1 |a уран 
610 1 |a торий 
610 1 |a платиновые металлы 
675 |a 54(092)  |v 4 
702 1 |a Щелоков  |b Р. Н.  |4 340 
712 0 2 |a Академия наук СССР (АН СССР)  |2 stltpush  |3 (RuTPU)RU\TPU\col\722 
801 1 |a RU  |b 63413507  |c 20141212 
801 2 |a RU  |b 63413507  |c 20180112  |g RCR 
942 |c BK